000 00321nam a2200145Ia 4500
005 20260328101445.0
008 260328s9999||||xx |||||||||||||| ||und||
100 _aBerger, John
245 0 _aWays of seeing /
_cJohn Berger
250 _a5a ed.
260 _bPenguin
300 _a165 p.
650 _aARTE
942 _cBK
999 _c8431
_d8431